00433nam a2200121Ia 4500001000400000008004100004082001900045100007200064245010800136260002400244901002800268999001500296816241024s9999 xx 000 0 und d aRD/372.1/R426l aRepública Dominicana.Secretaria de Estado de Educación Cultural 0aLa Evaluación Educativa en el Nivel Incial "un proceso Continuo Articulado a la Práctica Cotidiana" bSanto Domingoc2006 a3/12/2010 10:20:38 a.m. c8729d8729